[Event "Gelsenkirchen Silvester op 6th"]
[Site "Gelsenkirchen"]
[Date "2018.12.29"]
[Round "6"]
[White "Gausmann, Thomas"]
[Black "Schulz, Dennis"]
[Result "1-0"]
[WhiteElo "1563"]
[BlackElo "1674"]
[PlyCount "35"]
[EventDate "2018.12.27"]
[EventType "swiss"]
[EventRounds "7"]
[EventCountry "GER"]
[SourceTitle "CBM 188 Extra"]
[Source "ChessBase"]
[SourceDate "2019.02.26"]
[SourceVersion "1"]
[SourceVersionDate "2019.02.26"]
[SourceQuality "1"]

1. e4 e5 2. Bc4 Nf6 3. Nf3 Nc6 4. Ng5 d5 5. exd5 Nxd5 6. Nxf7 Kxf7 7. Qf3+ Qf6 8. Bxd5+ Ke8 9. Bxc6+ Qxc6 10. Qxc6+ bxc6 11. 0-0 Ba6 12. Re1 Bd6 13. d4 Rd8 14. Bg5 Rd7 15. Nc3 Rf8 16. Ne4 Bb4 17. c3 Ba5 18. Nc5 1-0